| 000 | 00809nam a22002057a 4500 | ||
|---|---|---|---|
| 999 |
_c13220 _d13220 |
||
| 003 | AR-CdUCM | ||
| 008 | 190411b ||||| |||| 00| 0 spa d | ||
| 040 |
_aMUNICIPALIDAD PROVINCIAL DEL CUSCO _cBIBLIOTECA MUNICIPAL DEL CUSCO |
||
| 082 |
_a345.7 / _bAC188 / 1944 |
||
| 245 | _aActas de las sesiones de la comisión reformadora del código de procedimientos civiles / | ||
| 260 |
_aLima : _bGil, _c1944. |
||
| 300 |
_a7 fasciculos ; _c20 cm. |
||
| 500 | _a1o fasciculo 4o fasciculo 5o fasciculo 7o fasciculo | ||
| 505 | _aContenido: Autorización para el matrimonio de menores -- Emancipación -- Excusa, renuncia y remoción de tutores y curadores... | ||
| 650 |
_aCódigo civil _928051 |
||
| 650 |
_aDerecho _9739 |
||
| 650 |
_aInterdictos _931501 |
||
| 942 |
_2ddc _cLIBROS |
||
| 945 |
_adavv _d11/04/2019 |
||